Thermodynamics (Record no. 8344)

000 -LEADER
fixed length control field 00603nam a2200217 i 4500
001 - CONTROL NUMBER
control field 8344
003 - CONTROL NUMBER IDENTIFIER
control field BD-DhUET
008 - FIXED-LENGTH DATA ELEMENTS--GENERAL INFORMATION
fixed length control field 770308s1978 nyua b 001 0 eng
020 ## - INTERNATIONAL STANDARD BOOK NUMBER
International Standard Book Number 0023355301
040 ## - CATALOGING SOURCE
Original cataloging agency DLC
Transcribing agency DLC
Modifying agency BD-DhUET
082 ## - DEWEY DECIMAL CLASSIFICATION NUMBER
Classification number 621.01
Item number FAI/1970
100 ## - MAIN ENTRY--PERSONAL NAME
Personal name Faires, Virgil Moring
245 10 - TITLE STATEMENT
Title Thermodynamics
Statement of responsibility, etc. by Virgil Moring Faires and Clifford Max Simmang
250 ## - EDITION STATEMENT
Edition statement 6th ed.
260 ## - PUBLICATION, DISTRIBUTION, ETC. (IMPRINT)
Place of publication, distribution, etc. New York
Name of publisher, distributor, etc. Macmillan
Date of publication, distribution, etc. 1970
300 ## - PHYSICAL DESCRIPTION
Extent xxiii, 647 p.
Other physical details ill.
Dimensions 26 cm.
504 ## - BIBLIOGRAPHY, ETC. NOTE
Bibliography, etc Includes bibliographies
650 #0 - SUBJECT ADDED ENTRY--TOPICAL TERM
Topical term or geographic name as entry element Thermodynamics
700 ## - ADDED ENTRY--PERSONAL NAME
Personal name Simmang, Clifford Max
942 ## - ADDED ENTRY ELEMENTS (KOHA)
Koha item type General Book
Holdings
Date acquired Shelving location Lost status Copy number Koha normalized classification for sorting Withdrawn status Not for loan Damaged status Koha date last seen Piece designation (barcode) Price effective from Koha item type Sublocation or collection (holding branch) Source of classification or shelving scheme Koha full call number Location (home branch)
2015-01-20Circulation section 1621_010000000000000_FAI_1978   2015-01-20429432015-01-20General BookCentral Library, BUET 621.01/FAI/1978Central Library, BUET
1985-06-11Rental section ৬/ক-১621_010000000000000_FAI_1970   2024-12-11631352024-12-11Rental ItemCentral Library, BUET 621.01 FAI/1970Central Library, BUET
1985-06-11Rental section ৬/ক-২621_010000000000000_FAI_1970   2024-12-11631362024-12-11Rental ItemCentral Library, BUET 621.01 FAI/1970Central Library, BUET
1985-06-11Rental section ৬/ক-৩621_010000000000000_FAI_1970   2024-12-11631372024-12-11Rental ItemCentral Library, BUET 621.01 FAI/1970Central Library, BUET
1985-06-11Rental section ৬/ক-৪621_010000000000000_FAI_1970   2024-12-11631382024-12-11Rental ItemCentral Library, BUET 621.01 FAI/1970Central Library, BUET
1985-06-11Rental section ৬/ক-৫621_010000000000000_FAI_1970   2024-12-11631392024-12-11Rental ItemCentral Library, BUET 621.01 FAI/1970Central Library, BUET
1985-06-11Rental section ৬/ক-৬621_010000000000000_FAI_1970   2024-12-11631402024-12-11Rental ItemCentral Library, BUET 621.01 FAI/1970Central Library, BUET
1985-06-11Rental section ৬/ক-৭621_010000000000000_FAI_1970   2024-12-11631412024-12-11Rental ItemCentral Library, BUET 621.01 FAI/1970Central Library, BUET
1985-06-11Rental section ৬/ক-৮621_010000000000000_FAI_1970   2024-12-11631422024-12-11Rental ItemCentral Library, BUET 621.01 FAI/1970Central Library, BUET
1985-06-11Rental section ৬/ক-৯621_010000000000000_FAI_1970   2024-12-11631432024-12-11Rental ItemCentral Library, BUET 621.01 FAI/1970Central Library, BUET
1985-06-11Rental section ৬/ক-১০621_010000000000000_FAI_1970   2024-12-11631442024-12-11Rental ItemCentral Library, BUET 621.01 FAI/1970Central Library, BUET
1985-06-11Rental section ৬/ক-১১621_010000000000000_FAI_1970   2024-12-11631452024-12-11Rental ItemCentral Library, BUET 621.01 FAI/1970Central Library, BUET
1985-06-11Rental section ৬/ক-১২621_010000000000000_FAI_1970   2024-12-11631462024-12-11Rental ItemCentral Library, BUET 621.01 FAI/1970Central Library, BUET
1985-06-11Rental section ৬/ক-১৩621_010000000000000_FAI_1970   2024-12-11631472024-12-11Rental ItemCentral Library, BUET 621.01 FAI/1970Central Library, BUET
1985-06-11Rental section ৬/ক-১৪621_010000000000000_FAI_1970   2024-12-11631482024-12-11Rental ItemCentral Library, BUET 621.01 FAI/1970Central Library, BUET
1985-06-11Rental section ৬/ক-১৫621_010000000000000_FAI_1970   2024-12-11631492024-12-11Rental ItemCentral Library, BUET 621.01 FAI/1970Central Library, BUET
1985-06-11Rental section ৬/ক-১৬621_010000000000000_FAI_1970   2024-12-11631502024-12-11Rental ItemCentral Library, BUET 621.01 FAI/1970Central Library, BUET
1985-06-11Rental section ৬/ক-১৭621_010000000000000_FAI_1970   2024-12-11631512024-12-11Rental ItemCentral Library, BUET 621.01 FAI/1970Central Library, BUET
1985-06-11Rental section ৬/ক-১৮621_010000000000000_FAI_1970   2024-12-11631522024-12-11Rental ItemCentral Library, BUET 621.01 FAI/1970Central Library, BUET
1985-06-11Rental section ৬/ক-১৯621_010000000000000_FAI_1970   2024-12-11631532024-12-11Rental ItemCentral Library, BUET 621.01 FAI/1970Central Library, BUET
1985-06-11Rental section ৬/ক-২০621_010000000000000_FAI_1970   2024-12-11631542024-12-11Rental ItemCentral Library, BUET 621.01 FAI/1970Central Library, BUET